Statistics for Boss Compact Effects Pedals

Click here to take the quiz!

General Stats

  • This quiz has been taken 3 times
  • The average score is 52 of 87

Answer Stats

Answer% Correct
Auto Wah
100%
Bass Equalizer
100%
Chorus
100%
Chromatic Tuner
100%
Compression/Sustainter
100%
Compressor
100%
Delay
100%
Digital Delay
100%
Digital Pitch Shifter/Delay
100%
Distortion
100%
Dynamic Wah
100%
Equalizer
100%
Feedbacker/Booster
100%
Flanger
100%
Fuzz
100%
Loop Station
100%
Metal Zone
100%
Over Drive
100%
OverDrive/Distortion
100%
Power Supply & Master Switch
100%
Super Chorus
100%
Super Distortion & Feedbacker
100%
T Wah
100%
Acoustic Preamp
50%
Acoustic Simulator
50%
Adaptive Distortion
50%
Amp & Cabinet
50%
Angry Driver
50%
Bass Chorus
50%
Bass Comp
50%
Bass Driver
50%
Bass Flanger
50%
Bass Limiter
50%
Bass Limiter/Enhancer
50%
Bass OverDrive
50%
Bass Parametric Equalizer
50%
Bass Synthesizer
50%
Blues Driver
50%
Chorus Ensemble
50%
Combo Drive
50%
Digital Dimension
50%
Digital Metalizer
50%
Digital Reverb
50%
Dimension C
50%
Dyna Drive
50%
Dynamic Filter
50%
Enhancer
50%
Fender ‘59 Bassman
50%
Fender ‘63 Reverb
50%
Fender ‘65 Deluxe Reverb
50%
Harmonist
50%
Heavy Metal
50%
Hyper Fuzz
50%
Hyper Metal
50%
Limiter
50%
Line Selector
50%
Mega Distortion
50%
Metal Core
50%
Noise Gate
50%
Noise Supressor
50%
Octaver
50%
Parametric EQ
50%
Phaser
50%
Phase Shifter
50%
Power Stack
50%
Reverb
50%
Slicer
50%
Space Echo
50%
Spectrum
50%
Super Octaver
50%
Super OverDrive
50%
Synthesizer
50%
Tera Echo
50%
Tone Bender
50%
Tremolo
50%
Tremolo/Pan
50%
Turbo Distortion
50%
Turbo OverDrive
50%
Vibrato
50%
Vocoder
50%
Xtortion
50%
Hi Band Flanger
0%
Multi Overtone
0%
Power Driver
0%
Slow Gear
0%
Super Phaser
0%
Super Shifter
0%

Score Distribution

Percentile by Number Answered

Percent of People with Each Score

Your Score History

You have not taken this quiz